000
00299nam a22001457a 4500
008
221109b ||||| |||| 00| 0 eng d
020
_a
9780756506414
041
_a
eng
080
_a
91
082
_a
91
100
_a
19.2
101
_a
gjeo
245
_a
THE HOPI
_c
ROSINSKY N
942
_2
udc
_c
BK
999
_c
58823
_d
58823